00602nam a22002057a 450000500170000000800410001701000150005802000260007303500130009903700130011204000130012508200100013810000170014824500700016525000120023526000440024727000630029130000230035470000190037720111104120821.0111104t xxu||||| |||| 00| 0 eng d aENG-104037 a9788124116425c695.00 aEN-87570 bDBAD/PUB aDPLbEng a512.2 aMittal, P.K. aA textbook of group theory /cby P.K. Mittal [and] Jai Dev Anand arev. ed aNew DelhibHar-Anand Publicationsc2011 aE-49/3, Okhla Industrial Area, Phase-IIbNew Delhie110020 ax,201p.c22cm (Hb) aAnand, Jai Dev